Loading...
| Current Events | 1 | 20.00 | 100% | 0% | 100% |
| Fine Arts - Classical Music | 5 | 22.00 | 100% | 80% | 40% |
| Fine Arts - Other Fine Arts | 5 | 18.00 | 100% | 40% | 40% |
| Geography | 2 | 20.00 | 100% | 100% | 0% |
| History - American History | 4 | 22.50 | 100% | 100% | 25% |
| History - European History | 5 | 14.00 | 100% | 40% | 0% |
| History - Other History | 4 | 20.00 | 100% | 75% | 25% |
| History - World History | 6 | 28.33 | 100% | 100% | 83% |
| Literature - American Literature | 6 | 16.67 | 83% | 50% | 33% |
| Literature - British Literature | 7 | 17.14 | 100% | 57% | 14% |
| Literature - European Literature | 6 | 18.33 | 100% | 67% | 17% |
| Literature - World Literature | 3 | 16.67 | 100% | 33% | 33% |
| Mythology | 5 | 18.00 | 100% | 80% | 0% |
| Painting/Sculpture | 5 | 18.00 | 100% | 60% | 20% |
| Philosophy | 5 | 22.00 | 100% | 80% | 40% |
| Pop Culture | 3 | 20.00 | 100% | 67% | 33% |
| Religion | 6 | 16.67 | 100% | 50% | 17% |
| Science - Biology | 7 | 18.57 | 100% | 71% | 14% |
| Science - Chemistry | 3 | 16.67 | 100% | 67% | 0% |
| Science - Other Science | 8 | 13.75 | 88% | 38% | 13% |
| Science - Physics | 5 | 16.00 | 80% | 60% | 20% |
| Social Science | 6 | 20.00 | 100% | 67% | 33% |